000 00274nam a22001217a 4500
082 _a190 PER
100 _aPerry, Ralph Barton
245 _aThe Approach to Philosophy
260 _aNew York
_bCharles Scribner's Sons
300 _a448
650 _aPhilosophy
942 _cBK
999 _c20103
_d20103